Villes du monde par lettre - E-F-G - Statistiques

Statistiques générales
  • Ce quiz a été pris 75 fois
  • Le résultat moyen est 10 sur 20
Statistiques - réponses
Hint Réponse % Correct
Capitale de l'Ecosse Edimbourg
100%
Ville francophone la plus peuplée de Suisse Genève
83%
Le berceau de la Renaissance Florence
79%
Chef-lieu de la Martinique Fort-de-France
79%
Centre financier de l'Allemagne, aussi le siège de la BCE Francfort
72%
Catastrophe nucléaire de 2011 suite à un séisme Fukushima
68%
Bombardée par Israël depuis 1948 Gaza
65%
Genova, de son vrai nom Gênes
65%
Capitale culturelle du Maroc Fès
63%
Ville de la rivalité Celtics-Rangers Glasgow
63%
Réputée pour ses parfums Grasse
62%
Enclave britannique lui offrant une côte sur le détroit du même nom Gibraltar
58%
"Ville de la Liberté" en Anglais Freetown
54%
Plus grande ville de Tuvalu, avec 6320 habitants Funafuti
23%
Autre nom de Canton, en Chine Guangzhou
23%
Elle a vu naître les mariachis Guadalajara
14%
Principale ville du territoire Turc à Chypre Famagouste
11%
Entre la Sarine et la cathédrale Saint-Nicolas Fribourg
10%
Ses habitants sont appelés "Guyaniens" Georgetown
8%
La ville Rose Erevan
3%
Aucun quiz correspondant
Distribution des résultats
% des personnes avec chaque résultat
Percentile par nombre de réponses
Votre historique - résultats
Vous n’avez pas pris ce quiz